50 séries par images - Statistiques

Statistiques générales
  • Ce quiz a été pris 312 fois
    257 depuis la dernière actualisation
  • Le résultat moyen est 26 sur 50
Statistiques - réponses
Par images Réponse % Correct
Prison break
96%
Friends
91%
Lucifer
91%
Stranger things
90%
Mercredi
89%
Breaking Bad
85%
Squid game
83%
Lupin
80%
Malcolm
80%
Emily in Paris
78%
The vampire Diaries
77%
Game of throne
75%
You
74%
Peaky Blinders
71%
Elite
70%
Euphoria
66%
Gossip Girl
65%
Le jeu de la Dame
64%
Outer banks
64%
The 100
63%
Orange is the new black
62%
Teen Wolf
62%
Ma famille d'abord
61%
The walking dead
58%
Pretty Little Liars
56%
Ginny et Georgia
54%
Jane the virgin
50%
Les frères Scott
50%
Shameless
45%
Mes premieres fois
42%
Desperate Housewives
41%
La chronique des Bridgerton
40%
Les demoiselles du telephone
39%
Insatiable
35%
Glee
34%
Gilmore Girls
33%
The Summer I turned Pretty
33%
Anne with an e
32%
Dynastie
31%
Ma vie avec les Walter boys
29%
The bear
28%
Heartstopper
27%
On my block
25%
The good place
24%
New Girl
18%
Nous les menteurs
18%
Destin / La saga des winx
15%
Qui ment ?
10%
The O.C / Newport beach
8%
Nobody Wants this
6%
Aucun quiz correspondant
Distribution des résultats
% des personnes avec chaque résultat
Percentile par nombre de réponses
Votre historique - résultats
Vous n’avez pas pris ce quiz depuis la dernière actualisation